San Pedro de Abanto y Bilbao (Record no. 158021)

MARC details
000 -LEADER
campo de control de longitud fija 00786nam a2200181 i 4500
001 - NÚMERO DE CONTROL
campo de control 158021
003 - IDENTIFICADOR DE NÚMERO DE CONTROL
campo de control ES-MaACL
005 - FECHA Y HORA DE LA ÚLTIMA TRANSACCIÓN
campo de control 20250907063118.0
008 - DATOS DE LONGITUD FIJA--INFORMACIÓN GENERAL
campo de control de longitud fija 980128s1876 sp |||| | spa d
040 ## - FUENTE DE CATALOGACIÓN
Centro catalogador/agencia de origen NA
Lengua de catalogación spa
Centro/agencia transcriptor NA
100 1# - ENTRADA PRINCIPAL--NOMBRE DE PERSONA
Nombre de persona López Domínguez, José,
Fechas asociadas al nombre 1829-1911
9 (RLIN) 73611
245 10 - MENCIÓN DEL TÍTULO
Título San Pedro de Abanto y Bilbao
Resto del título : operaciones del ejército del norte, mandado por el Capitan General Duque de la Torre en 1874 /
Mención de responsabilidad, etc. por el General Lopez Dominguez.
260 ## - PUBLICACIÓN, DISTRIBUCIÓN, ETC.
Lugar de publicación, distribución, etc. Madrid :
Nombre del editor, distribuidor, etc. [s.n.],
Fecha de publicación, distribución, etc. 1876 (
Fabricante Establecimiento tipográfico dirigido por José Cayetano Conde)
300 ## - DESCRIPCIÓN FÍSICA
Extensión 118 p. ;
Dimensiones 24 cm.
597 ## - NOTA DE DESCRIPCIÓN FÍSICA
NOTA DE DESCRIPCIÓN FÍSICA Antep.
852 ## - LOCALIZACIÓN
Ubicación ES-MaACL
Número de control de estantería T-259-F-5
Nota libre -- Enc. hol.
-- -- Ded. ms. del autor a la Biblioteca del Ateneo
-- -- Enc. en un vol. facticio
Holdings
Estatus retirado Estado de pérdida Estado de daño No para préstamo Colección Biblioteca de origen Biblioteca actual Ubicación en estantería Fecha de adquisición Total de préstamos Signatura topográfica completa Código de barras Visto por última vez Precio de reemplazo Tipo de ítem Koha
        Colección de folletos Biblioteca del Ateneo de Madrid Biblioteca del Ateneo de Madrid Depósito folletos 17/01/2008   T-259-F-5 1165381 23/02/2023 23/02/2023 Folleto